| 000 | 00645cab a22001935a 4500 | ||
|---|---|---|---|
| 001 | L152639 | ||
| 008 | 110407s2011 xxka f 000 0 eng d | ||
| 035 | _a(Sirsi) u152639 | ||
| 041 | 0 | _aeng | |
| 110 | 2 | _aICES Partnering Team | |
| 245 | 0 | 0 |
_aSuccessful subcontracting _bpart 2 |
| 260 | _c2011 | ||
| 490 |
_aCivil Engineering Surveyor _vApril 2011, 26(1) |
||
| 520 | _aExamines the risks of pro-forma subcontracts and back-to-back drafting; benefits of bespoke drafted subcontracts. | ||
| 590 | _aKA | ||
| 651 | 4 |
_aUnited Kingdom _y |
|
| 690 | _aBUILT ENVIRONMENT-BUILDING CONTRACT FORMS-STANDARD FORMS OF BUILDING CONTRACT | ||
| 942 | _n0 | ||
| 999 |
_c83047 _d83047 |
||